Logo biblioteca
Santa Fe 2917, Rosario, Santa Fe
Lu-Vi 8 a 19.45
+54-341-4232362
bibliotecaeudoro@gmail.com
Facebook Biblioteca Pedagógica
Sitio web

El mundo encantado de Ela / (Registro nro. 31909)

Detalles MARC
000 -CABECERA
campo fijo de control de longitud 00644nam a2200217 4500
001 - NÚMERO DE CONTROL
campo de control 31909
003 - IDENTIFICADOR DEL NÚMERO DE CONTROL
campo de control AR-RoBPED
005 - FECHA Y HORADE LA ULTIMA TRANSACCION
campo de control 20250820130831.0
008 - ELEMENTOS DE LONGITUD FIJA--INFORMACION GENERAL
campo fijo de control de longitud 250819s2002 AG ||||dr|||| 000 1 spa d
020 ## - ISBN
ISBN 8440602178
040 ## - FUENTE CATALOGADORA
Centro catalogador/agencia de origen AR-RoBPED
041 ## - IDIOMA
Código de idioma para texto/pista de sonido o título independiente spa
100 ## - ENCABEZAMIENTO PRINCIPAL--AUTOR PERSONAL
Nombre de persona Carson Levine, Gail
Fechas nac-muerte 1947-
9 (RLIN) 30117
245 13 - TITULO
Título El mundo encantado de Ela /
Mención de responsabilidad Gail Carson Levine.
260 ## - PUBLICACION
Lugar Barcelona :
Editor Ediciones B; Grupo Zeta,
Fecha 2004.
300 ## - DESCRIPCION FISICA
Extensión 271 p.
650 #4 - TERMINO DE MATERIA--CONTROLADO
Término controlado LITERATURA ESTADOUNIDENSE
9 (RLIN) 294
Término controlado NOVELAS
9 (RLIN) 25
942 ## - ELEMENTOS KOHA
Fuente de clasificación Universal Decimal Classification
Número Koha k. 31909
Koha tipo de ítem Libro
Clasificación 820(73)-31
Signatura librística CL 26
Inventario inv. 42092
945 ## - PROCESAMIENTO DE LA INFORMACIÓN LOCAL
Catalogador y fecha mm 19/08/2025 - cd 20/082025
Existencias
Estado retirado Estado perdido Fuente de clasificación Estado dañado No se presta Biblioteca propietaria Biblioteca de reserva Fecha de adquisición Procedencia Total de préstamos Signatura topográfica completa Código de barras (nº de inventario) Fecha visto por última vez Catalogador y fecha Tipo de ítem Koha Nota pública
    Universal Decimal Classification     Biblioteca Pedagógica Eudoro Díaz Biblioteca Pedagógica Eudoro Díaz 11/08/2025 donación   820(73)-31 CL 26 42092 19/08/2025 19/08/2025 Libro Se presta 15 dias.